000 00967cab a2200289 4500
001 ABS48790
008 090401t1993 xxu||||| |||| 00| 0 eng d
035 _a(Sirsi) u68548
041 _aeng
100 _aBlake, K.
245 _aWarehouse property: survey of occupiers` requirements
260 _c1993
350 _a0
490 _aEstates Gazette
_v(9323) 12 June 1993, 92-94(3)
520 _aFindings from a survey of warehouse occupiers undertaken by Fuller Peiser and materials-handling-equipment manufacturers, Lansing Linde. Notably, results confirmed that surveyors have little understanding about warehouse operations.
650 _aDISTRIBUTION
650 _aHEIGHT
650 _aLOCATION
650 _aOCCUPIERS REQUIREMENTS
650 _aRACKING
650 _aWAREHOUSE PROPERTY
650 _aWAREHOUSING
690 _aPROPERTY-COMMERCIAL PROPERTY
690 _aCOMMERCIAL PROPERTY-MANAGEMENT
942 _n0
948 _c04/03/1997
999 _c43005
_d43005